| 000 | 004880000a22001090004500 | ||
|---|---|---|---|
| 100 | 1 | _aJunca, Humberto | |
| 245 | 1 | 0 | _aTejo en Versalles |
| 300 | _aVol.0, núm.22 (Julio, 2007), Páginas 34-35 | ||
| 520 | _aEl artista Carlos Castro expone hasta el 27 de julio una obra que revela la radical ironía con que los artistas jóvenes colombianos están mirando el asunto de la presunta identidad colombiana. ¿Quiénes somos? | ||
| 773 | 0 | _tArcadia / Andrés Felipe Solano, Editor | |
| 942 | _cANA | ||
| 999 |
_c62281 _d62281 |
||